000 00261nam a22001217a 4500
008 180301b xxu||||| |||| 00| 0 eng d
041 _aeng
080 _a574
100 _a9
101 _aMJE
245 _aNORTH AMRICAN WILDIFE
_cGEORGE.L
942 _2udc
_cBK
999 _c43826
_d43826